Modeling techniques in predictive analytics with python and R: (Record no. 158716)

MARC details
000 -LEADER
fixed length control field 00656nam a22001937a 4500
005 - DATE AND TIME OF LATEST TRANSACTION
control field 20181113104247.0
010 ## - LCCN (DPL NO)
LC control number ENG-124481
020 ## - INTERNATIONAL STANDARD BOOK NUMBER
International Standard Book Number 9789353065737
Terms of availability 599.00
035 ## - SYSTEM CONTROL NUMBER
System control number EN-108013
037 ## - SOURCE OF ACQUISITION
Source of stock number/acquisition DBAD/PUB
082 ## - DEWEY DECIMAL CLASSIFICATION NUMBER
Classification number 519.542
100 ## - MAIN ENTRY--PERSONAL NAME
Personal name Miller, Thomas W.
245 ## - TITLE STATEMENT
Title Modeling techniques in predictive analytics with python and R:
Statement of responsibility, etc by Thomas W. Miller
Remainder of title a guide to data science /
260 ## - PUBLICATION, DISTRIBUTION, ETC. (IMPRINT)
Place of publication, distribution, etc New Delhi
Name of publisher, distributor, etc Pearson
Date of publication, distribution, etc 2019
270 ## - ADDRESS
Address 14 Local Shopping Centre, Panchsheel Park
City New Delhi
Postal code 110017
300 ## - PHYSICAL DESCRIPTION
Extent xviii,418p.
Dimensions 24cm. (pbk)
500 ## - GENERAL NOTE
General note It includes bibliography and Index
942 ## - ADDED ENTRY ELEMENTS (KOHA)
Source of classification or shelving scheme Dewey Decimal Classification
Item type English Books
Classification part 519.542
Call number suffix MIL
Holdings
Withdrawn status Lost status Not for loan Collection code Home library Current library Date acquired Source of acquisition Cost, normal purchase price Full call number Barcode Copy number Cost, replacement price Koha item type
    Not For Loan Non-fiction D.B.Act.Division Bawana 13/11/2018 DBAD/PUB 599.00 519.542 MIL EN-108013 1 599.00 English Books

© Delhi Public Library
Hit Counter
free hit counter